A TEXT BOOK OF HAZARDS AND SAFETY MANAGEMENT (Record no. 270208)

MARC details
000 -LEADER
fixed length control field 00354pam a2200121a 44500
008 - FIXED-LENGTH DATA ELEMENTS--GENERAL INFORMATION
fixed length control field 230405s2021 xxu||||| |||| 00| 0 eng d
041 ## - LANGUAGE CODE
Language code of text/sound track or separate title ENG
100 ## - MAIN ENTRY--PERSONAL NAME
Personal name DEEPANTI GAIJAR / DR RAGEEB USMAN
245 ## - TITLE STATEMENT
Title A TEXT BOOK OF HAZARDS AND SAFETY MANAGEMENT
260 ## - PUBLICATION, DISTRIBUTION, ETC.
Place of publication, distribution, etc. NEW YORK
Name of publisher, distributor, etc. WILEY INTERSCIENCE PUBLICATION NEW YORK
Date of publication, distribution, etc. 2021
300 ## - PHYSICAL DESCRIPTION
Extent 134
906 ## - LOCAL DATA ELEMENT F, LDF (RLIN)
a 4769
Holdings
Withdrawn status Lost status Damaged status Not for loan Collection Home library Current library Date acquired Source of acquisition Cost, normal purchase price Total Checkouts Barcode Date last seen Price effective from Koha item type
          College of Pharmacy, Kolhapur College of Pharmacy, Kolhapur 14/04/2023 BHARATI MADHYVARTI SAHAKARI GRAHAK BHANDAR LTD 202.00   PCK-M-3035 14/04/2023 14/04/2023 Book